000 00962nam a22002175i 4500
001 152637
003 ES-MaACL
005 20240428063046.0
008 051018s1879 po | |||||||| ||por d
040 _aCAM
_bspa
_cCAM
100 1 _aBraga, Teófilo,
_d1843-1924
_931276
245 1 0 _aSoluçoes positivas da politica portugueza /
_cpor Theophilo Braga.
260 _aLisboa :
_bNova Livraria Internacional,
_c1879.
300 _a2 v.. ;
_c14 cm.
490 1 _aBibliotheca Republicana Democratica ;
_v10, 11
505 8 _aContiene: [v. 1] Da aspiraçao revolucionaria e sua disciplina em opiniao democratica.--[v. 2] Do systema constitucional como uma transigencia provisoria entre o absolutismo e a revoluçao
650 4 _aRepublicanismo-
_zPortugal.
_9153921
830 0 _aBibliotheca Republicana Democratica ;
_v10, 11
_9221357
852 _aES-MaACL
_jT-646-F-1-2
_z-- Enc. hol., conservando la enc. original
999 _c152637
_d152637